000 00864nam a2200277Ia 4500
003 OSt
005 20221007082020.0
006 a|||||r|||| 00| 0
007 ta
008 221006b |||||||| |||| 00| 0 eng d
024 _a27,012
037 _cReports / Technical Reports
040 _aFLL
_cFLL
_beng
041 _2eng
_aeng
082 _aV73:2:9Zy7, K6
100 _aFreund Faul A.
_9698500
245 0 _aConstitutional law
250 _a2nd
260 _aToronto
_bLittle, Brown and Company Toronto
_c1966
300 _axi,1-347p
_ccm.
700 _a Brown Ernest J.
_9698501
700 _a Howe Mark De Wolfe
_9698502
700 _a Sutherland Arthur E.
_9698503
942 _hV73:2:9Zy7, K6
_cREP
_2CC
999 _c1165045
_d1165045